00840nam a22001937a 4500003000900000008004100009040007100050082001700121100002500138245009600163260003500259300004400294505019500338650002500533650001600558650001200574650002100586710003900607AR-CdUCM190509b ||||| |||| 00| 0 spa d aMUNICIPALIDAD PROVINCIAL DEL CUSCOcBIBLIOTECA MUNICIPAL DEL CUSCO a376.3 /bL68 aLippincott, Dixie V. aLa enseñanza y el aprendizaje en la escuela primaria :bguía practica para el maestro / aBuenos Aires :bPaidos,c1969. a295 páginas ;bIlustraciones,c20 cm. aContenido. El niño y el programa escolar -- La enseñanza y el aprendizaje de la lectura -- La enseñanza y el aprendizaje de los estudios sociales -- La enseñanza de los números ... aEducación primaria aEnseñanza aMaestro aPrograma escolar aCentro regional de ayuda técnica